[Event "Moscow Aeroflot op-A 15th"]
[Site "Moscow"]
[Date "2016.03.02"]
[Round "2"]
[White "Goganov, Aleksey"]
[Black "Hovhannisyan, Robert"]
[Result "1-0"]
[WhiteElo "2575"]
[BlackElo "2636"]
[PlyCount "105"]
[EventDate "2016.03.01"]
[EventType "swiss"]
[EventRounds "9"]
[EventCountry "RUS"]
[SourceTitle "CBM 171"]
[Source "ChessBase"]
[SourceDate "2016.03.14"]
[SourceVersion "2"]
[SourceVersionDate "2016.03.14"]
[SourceQuality "1"]

1. Nf3 d5 2. g3 c6 3. Bg2 Bg4 4. O-O Nd7 5. d3 e6 6. e4 Ne5 ({RR} 6... Bd6 7. h3 Bh5 8. exd5 exd5 9. Qe1+ Ne7 10. Nh4 O-O 11. g4 Re8 12. gxh5 Nc8 13. Qd1 Qxh4 14. Qg4 Qd8 15. h6 g6 16. c4 Ne5 17. Qd1 dxc4 18. dxc4 Nb6 19. Nc3 Nexc4 20. Ne4 Be5 21. Qf3 {Grischuk,A (2750)-Carlsen,M (2832) Chess.com INT 2017 0-1 (31)}) ({RR} 6... Ngf6 7. Qe2 dxe4 8. dxe4 e5 9. Nbd2 Bc5 10. h3 Bh5 11. Nb3 Bb6 12. Be3 O-O 13. c4 a5 14. a4 Bxe3 15. Qxe3 Bxf3 16. Bxf3 Qb6 17. c5 Qc7 18. Rac1 Rfd8 19. Rc3 Nf8 20. Rfc1 Ne6 21. Nd2 {Alfaro,W (2134)-Mammadzada,G (2472) chess.com INT 2023 1-0 (44)}) ({RR} 6... Bd6 7. Qe1 Ne7 8. h3 Bh5 9. Nc3 O-O 10. Ne2 a5 11. Nf4 Bxf3 12. Bxf3 e5 13. Ne2 dxe4 14. dxe4 Nc5 15. Be3 Qc7 16. Rd1 Rfd8 17. b3 Na6 18. Nc1 Bc5 19. Bd2 Nb4 20. c3 Nd3 21. Qe2 {Benidze,D (2530)-Hovhannisyan,R (2600) Plovdiv 2012 ½-½ (50)}) 7. Nbd2 Bd6 $146 ({RR} 7... Nf6 8. Qe1 Nxf3+ 9. Nxf3 dxe4 10. dxe4 Bxf3 11. Bxf3 Be7 12. e5 Nd7 13. b3 O-O 14. Bb2 Qb6 15. Bg2 Rfd8 16. Rd1 Nf8 17. Qe2 Bc5 18. Be4 Ng6 19. Kg2 Ne7 20. Rxd8+ Rxd8 21. Rd1 g6 22. Rxd8+ {Makarov,M (2480)-Sorokin,M (2500) Rybinsk 1991 ½-½}) ({RR} 7... Nf6 8. Qe1 Nxf3+ 9. Nxf3 Bxf3 10. Bxf3 Be7 11. Bg2 h5 12. h3 Qc7 13. e5 Nd7 14. d4 c5 15. c3 cxd4 16. cxd4 Nb8 17. Be3 Nc6 18. Rc1 Qa5 19. Qe2 a6 20. a3 Qb5 21. Qf3 g6 22. Rc2 {Popilski,G (2454)-Tamazyan,H (2151) Batumi 2010 1-0 (53)}) 8. h3 Bh5 9. c4 dxe4 10. dxe4 Ne7 11. Qb3 Nxf3+ 12. Nxf3 Bxf3 13. Bxf3 Qc7 14. Be3 b6 15. c5 Bxc5 16. Bxc5 bxc5 17. Rac1 Rb8 18. Qa3 O-O 19. Rxc5 Rfd8 20. Qc3 Rd7 21. Rd1 Rbd8 22. Rxd7 Qxd7 23. Kg2 h6 24. Ra5 Qc7 25. b4 Rd7 26. Qc5 Qb6 27. a3 Qxc5 28. Rxc5 g5 29. e5 Kg7 30. Be4 Rd1 31. Ra5 Rd7 32. Kf3 h5 33. Rc5 h4 34. Ke3 Rd1 35. gxh4 gxh4 36. Ke2 Ra1 37. Ra5 Ng6 38. Bxc6 Nf4+ 39. Kf3 Nxh3 40. Rxa7 Rc1 41. b5 Rc3+ 42. Ke2 Ng1+ 43. Kd2 Rxc6 44. bxc6 h3 45. c7 h2 46. c8=Q h1=Q 47. Qxe6 Nf3+ 48. Ke3 Qc1+ 49. Kxf3 Qh1+ 50. Kf4 Qc1+ 51. Kf5 Qb1+ 52. Kg5 Qc1+ 53. Kh4 1-0

[Event "Moscow Aeroflot op-A 15th"]
[Site "Moscow"]
[Date "2016.03.09"]
[Round "9"]
[White "Shyam, Sundar M"]
[Black "Wagner, Dennis"]
[Result "1-0"]
[WhiteElo "2523"]
[BlackElo "2583"]
[PlyCount "89"]
[EventDate "2016.03.01"]
[EventType "swiss"]
[EventRounds "9"]
[EventCountry "RUS"]
[SourceTitle "CBM 171"]
[Source "ChessBase"]
[SourceDate "2016.03.14"]
[SourceVersion "2"]
[SourceVersionDate "2016.03.14"]
[SourceQuality "1"]

1. Nf3 Nf6 2. g3 c5 3. Bg2 Nc6 4. O-O e5 5. e4 Be7 6. d3 O-O 7. Nc3 d6 ({RR} 7... a6 8. Bg5 b5 9. Bxf6 Bxf6 10. Nd5 d6 11. a4 Be6 12. axb5 axb5 13. Rxa8 Qxa8 14. Nxf6+ gxf6 15. Nh4 Ne7 16. Qh5 Qc8 17. f4 Bg4 18. Qh6 Qe6 19. f5 Qa2 20. Qxf6 Be2 21. Re1 Qxb2 22. Qg5+ {Piliposyan,R (2409)-Fichter,F (2253) chess.com INT 2025 1-0}) 8. h3 ({RR} 8. Kh1 Bd7 9. Ng1 Nd4 10. f4 exf4 11. gxf4 Bc6 12. Nce2 Nxe2 13. Nxe2 Re8 14. c4 b5 15. b3 Rb8 16. Nc3 bxc4 17. bxc4 Nd7 18. Bd2 Bf6 19. Rc1 Rb2 20. Rc2 Qb6 21. a4 a6 22. Bc1 Rb3 {Aronian,L (2793)-Karjakin,S (2781) Stavanger 2017 1-0 (39)}) 8... Ne8 9. Nd5 Nc7 $146 ({RR} 9... f5 10. c3 Kh8 11. b4 cxb4 12. cxb4 Nc7 13. Nxe7 Qxe7 14. Rb1 Nb5 15. Bb2 f4 16. a4 Nbd4 17. b5 Nxf3+ 18. Qxf3 Nd8 19. d4 Nf7 20. Qh5 g6 21. Qd1 Qf6 22. dxe5 dxe5 23. Rc1 Be6 24. Rc5 {Sousa,A (2455)-Gasanov,E (2481) Stafford ENG 2023 ½-½ (77)}) ({RR} 9... f5 10. c3 Kh8 11. b4 cxb4 12. cxb4 Nc7 13. Nxe7 Qxe7 14. Rb1 Nb5 15. Bb2 f4 16. a4 Nbd4 17. b5 Nxf3+ 18. Qxf3 Nd8 19. d4 Nf7 20. Qh5 g6 21. Qd1 Qf6 22. dxe5 dxe5 23. Rc1 Be6 24. Rc5 {Sousa,A (2455)-Gasanov,E (2481) Stafford ENG 2023 ½-½ (77)}) 10. Nxe7+ Qxe7 11. Nh4 Be6 12. c3 d5 13. Qe2 Rad8 14. Kh2 Rfe8 15. f4 dxe4 16. dxe4 f6 17. f5 Bf7 18. g4 b5 19. Qf2 b4 20. Be3 Na6 21. g5 Bc4 22. Qg3 bxc3 23. gxf6 Qxf6 24. b3 Bd3 25. Bg5 Qf7 26. Bxd8 Rxd8 27. Rfd1 c4 28. bxc4 Nc5 29. Bf1 c2 30. Rxd3 Nxd3 31. Bxd3 Nb4 32. Be2 Nxa2 33. Qe3 Qb7 34. Rxa2 Qb1 35. Rxc2 Qxc2 36. Nf3 a5 37. Kg3 a4 38. Qb6 Re8 39. Qc6 Kf8 40. Qd6+ Kg8 41. Qd7 Rb8 42. Qe6+ Kh8 43. Nxe5 h6 44. f6 Qc3+ 45. Kg2 1-0

[Event "Titled Tuesday intern op2 1st March"]
[Site "Chess.com INT"]
[Date "2016.03.01"]
[Round "3"]
[White "Nakamura, Hikaru"]
[Black "Holt, Conrad"]
[Result "1-0"]
[WhiteElo "2790"]
[BlackElo "2550"]
[PlyCount "113"]
[EventDate "2016.03.01"]
[EventType "swiss (blitz)"]
[EventRounds "9"]
[EventCountry "USA"]
[SourceTitle "EXT 2021"]
[Source "ChessBase"]
[SourceDate "2020.10.23"]
[SourceVersion "1"]
[SourceVersionDate "2020.10.23"]
[SourceQuality "1"]

1. g3 d5 2. Nf3 Nf6 3. d3 Bg4 4. Nbd2 Nbd7 5. h3 Bh5 6. Bg2 e5 7. g4 Bg6 8. Nh4 c6 9. e3 Bd6 10. a3 $146 ({RR} 10. Qe2 O-O 11. O-O a5 12. c4 Nc5 13. Nxg6 hxg6 14. g5 Nh5 15. cxd5 Qxg5 16. dxc6 bxc6 17. Qg4 Qe7 18. Qc4 Rad8 19. Nb3 Nxb3 20. Qxb3 Bc7 21. Rd1 Nf6 22. Bd2 e4 23. Be1 Qe5 24. Kf1 exd3 {Grischuk,A (2777)-Kobalia,M (2614) Chess.com INT 2020 1-0 (68)}) ({RR} 10. Qe2 O-O 11. O-O a5 12. c4 Nc5 13. Nxg6 hxg6 14. g5 Nh5 15. cxd5 Qxg5 16. dxc6 bxc6 17. Qg4 Qe7 18. Qc4 Rad8 19. Nb3 Nxb3 20. Qxb3 Bc7 21. Rd1 Nf6 22. Bd2 e4 23. Be1 Qe5 24. Kf1 exd3 {Grischuk,A (2777)-Kobalia,M (2614) Chess.com INT 2020 1-0 (68)}) 10... Qe7 11. b3 a5 12. Bb2 O-O 13. Qe2 Ne8 14. Nxg6 fxg6 15. h4 Nc7 16. g5 Rf7 17. Bh3 Raf8 18. O-O h6 19. Qg4 hxg5 20. Qxg5 Rf6 21. Qg2 R6f7 22. Qg5 Rf6 23. Rae1 Ne6 24. Qg2 Bxa3 25. Bxa3 Qxa3 26. Nf3 Qe7 27. Nh2 Nec5 28. Kh1 e4 29. d4 Ne6 30. Bg4 R8f7 31. f4 exf3 32. Nxf3 Ndf8 33. Qg3 Nc7 34. Rg1 Qe4 35. Rgf1 Nb5 36. Rf2 Nc3 37. Kg1 Qe8 38. Rff1 Ne4 39. Qg2 Qe7 40. Ne5 Rxf1+ 41. Rxf1 Rf6 42. Bf3 Nd6 43. Qh3 Nf5 44. Bg4 Nxh4 45. Ra1 g5 46. c3 g6 47. Rxa5 Kg7 48. Ra7 Kh8 49. Bc8 Qe8 50. Rxb7 Kg8 51. Rb8 Nf3+ 52. Nxf3 Qxe3+ 53. Kg2 Qe2+ 54. Kg1 Rxf3 55. Be6+ Kg7 56. Rb7+ Kf6 57. Rf7# 1-0

[Event "Titled Tuesday intern op2 1st March"]
[Site "Chess.com INT"]
[Date "2016.03.01"]
[Round "4"]
[White "Naroditsky, Daniel"]
[Black "Hess, Robert L"]
[Result "1-0"]
[WhiteElo "2634"]
[BlackElo "2569"]
[PlyCount "63"]
[EventDate "2016.03.01"]
[EventType "swiss (blitz)"]
[EventRounds "9"]
[EventCountry "USA"]
[SourceTitle "EXT 2021"]
[Source "ChessBase"]
[SourceDate "2020.10.23"]
[SourceVersion "1"]
[SourceVersionDate "2020.10.23"]
[SourceQuality "1"]

1. Nf3 Nf6 2. b3 e6 3. Bb2 a5 4. a4 ({RR} 4. Nc3 d5 5. g3 c6 6. d4 b5 7. Bg2 a4 8. Rc1 Nbd7 9. O-O Bd6 10. e4 Nxe4 11. Nxe4 dxe4 12. Ne5 Nf6 13. Nxc6 Qc7 14. Ne5 O-O 15. c4 axb3 16. cxb5 Qa7 17. Nc4 Be7 18. a3 Bd7 {Ehlvest,J (2535)-Agdestein,S (2606) Berlin 2015 0-1 (60)}) ({RR} 4. e3 a4 5. d4 Bb4+ 6. c3 Be7 7. Bd3 O-O 8. Nbd2 d5 9. O-O c5 10. Qe2 Nc6 11. e4 cxd4 12. cxd4 a3 13. Bc3 Bb4 14. Bxb4 Nxb4 15. e5 Nxd3 16. Qxd3 Nd7 17. Rac1 b6 18. Qc3 Ba6 {Horcajuelo Rocamora,M (2143)-Ezat,M (2400) chess.com INT 2023 1-0 (48)}) 4... d5 5. g3 Be7 $146 ({RR} 5... Bd6 6. Bg2 O-O 7. O-O Nbd7 8. d4 c5 9. Na3 cxd4 10. Nb5 Bc5 11. Bxd4 b6 12. Ne5 Bb7 13. Nxd7 Qxd7 14. Bxf6 gxf6 15. e4 Rad8 16. exd5 Bxd5 17. Qg4+ Kh8 18. Rad1 Qb7 19. Bxd5 Rxd5 20. Qf3 {Fernandez de La Vara,A (2462)-Garagulya,K (2389) Chess.com INT 2022 1-0 (54)}) ({RR} 5... Bd6 6. Bg2 O-O 7. O-O Nbd7 8. d4 c5 9. Na3 cxd4 10. Nb5 Bc5 11. Bxd4 b6 12. Ne5 Bb7 13. Nxd7 Qxd7 14. Bxf6 gxf6 15. e4 Rad8 16. exd5 Bxd5 17. Qg4+ Kh8 18. Rad1 Qb7 19. Bxd5 Rxd5 20. Qf3 {Fernandez de La Vara,A (2462)-Garagulya,K (2389) Chess.com INT 2022 1-0 (54)}) 6. Bg2 O-O 7. O-O Nc6 8. e3 b6 9. d4 Ba6 10. Re1 Rc8 11. Nbd2 Nb4 12. Ne5 Nd7 13. Ndf3 Nxe5 14. Nxe5 f6 15. Nd3 Nxd3 16. cxd3 Bb4 17. Re2 f5 18. Rc2 Rf7 19. Rac1 c5 20. dxc5 Rxc5 21. Bd4 Rxc2 22. Qxc2 Ba3 23. Ra1 Bb4 24. Qc6 Qd7 25. Qxb6 Bxd3 26. Rc1 h6 27. Be5 Re7 28. h4 Kf7 29. Bf3 Kg6 30. Rc7 Qd8 31. Qxe6+ Rxe6 32. Rxg7# 1-0

[Event "UT Dallas Spring Break"]
[Site "Dallas"]
[Date "2016.03.13"]
[Round "5.1"]
[White "Popilski, Gil"]
[Black "Troff, Kayden W"]
[Result "1-0"]
[WhiteElo "2552"]
[BlackElo "2528"]
[PlyCount "101"]
[EventDate "2016.03.11"]
[EventType "team-schev"]
[EventRounds "10"]
[EventCountry "USA"]
[SourceTitle "CBM 171 Extra"]
[Source "ChessBase"]
[SourceDate "2016.04.26"]
[SourceVersion "1"]
[SourceVersionDate "2016.04.26"]
[SourceQuality "1"]
[WhiteTeam "Dallas UTD"]
[BlackTeam "US of America U20"]
[WhiteTeamCountry "USA"]
[BlackTeamCountry "USA"]

1. Nf3 Nf6 2. g3 g6 3. b3 Bg7 4. Bb2 O-O 5. c4 e6 6. Bg2 d5 7. O-O b6 8. cxd5 exd5 9. Nc3 Bb7 10. d4 Nbd7 ({RR} 10... Re8 11. Rc1 Na6 12. Qc2 Qe7 13. e3 Rac8 14. a3 c5 15. Bh3 Rcd8 16. Ne5 Bc8 17. Bxc8 Rxc8 18. Ne2 Ne4 19. Nf4 Qb7 20. Qd3 Nd6 21. h4 f6 22. Ng4 c4 23. Qe2 cxb3 24. Qd3 Nc4 25. Qxb3 {Petrovic,A (2250)-Sarenac,D (2287) Belgrade SRB 2024 0-1 (38)}) 11. Rc1 Rc8 12. Nb5 Ne4 13. Nd2 $146 ({RR} 13. Ne5 Nxe5 14. dxe5 a6 15. Na7 Ra8 16. Nc6 Qd7 17. Bxe4 Bxc6 18. Rxc6 Qxc6 19. Bxd5 Qc5 20. Bxa8 Rxa8 21. Qc1 Qe7 22. f4 Rd8 23. Rd1 Bf8 24. Rd3 Qe8 25. e6 Bc5+ 26. Kf1 Rxd3 27. exf7+ Kxf7 {Mastrovasilis,A (2518)-Kostov,D (2132) Kavala 2021 1-0 (52)}) ({RR} 13. Ne5 Nxe5 14. dxe5 a6 15. Na7 Ra8 16. Nc6 Qd7 17. Bxe4 Bxc6 18. Rxc6 Qxc6 19. Bxd5 Qc5 20. Bxa8 Rxa8 21. Qc1 Qe7 22. f4 Rd8 23. Rd1 Bf8 24. Rd3 Qe8 25. e6 Bc5+ 26. Kf1 Rxd3 27. exf7+ Kxf7 {Mastrovasilis,A (2518)-Kostov,D (2132) Kavala 2021 1-0 (52)}) 13... Ndf6 14. Bh3 Nd7 15. Nxe4 dxe4 16. Nxa7 Ra8 17. Nb5 Rxa2 18. Rxc7 Rxb2 19. Rxb7 Nf6 20. e3 Qa8 21. Nd6 Ne8 22. Rxb6 Nxd6 23. Rxd6 Rb8 24. Qc1 R2xb3 25. Rd7 R3b7 26. Qc4 Rf8 27. Rc1 Kh8 28. Rd6 f5 29. Bf1 Bf6 30. Qd5 Kg7 31. Rcc6 Rbf7 32. Kg2 Qa4 33. Rc1 Qa3 34. Rb1 Kh6 35. h4 Rc7 36. Rd7 Rxd7 37. Qxd7 Qe7 38. Qc6 Qe8 39. Qd6 Qd8 40. Qf4+ Kg7 41. Bc4 Qd7 42. Rb6 Bd8 43. Qe5+ Rf6 44. Re6 h5 45. Re8 Kh7 46. Rg8 Kh6 47. Qf4+ Kh7 48. Qb8 Rd6 49. Rf8 Kh6 50. Rf7 Qc6 51. Qa7 1-0

[Event "Philadelphia op 10th"]
[Site "Philadelphia"]
[Date "2016.03.27"]
[Round "8"]
[White "Indjic, Aleksandar"]
[Black "Chirila, Ioan Cristian"]
[Result "1-0"]
[WhiteElo "2542"]
[BlackElo "2524"]
[PlyCount "83"]
[EventDate "2016.03.23"]
[EventType "swiss"]
[EventRounds "9"]
[EventCountry "USA"]
[SourceTitle "CBM 171 Extra"]
[Source "ChessBase"]
[SourceDate "2016.04.26"]
[SourceVersion "1"]
[SourceVersionDate "2016.04.26"]
[SourceQuality "1"]

1. Nf3 Nf6 2. d3 d5 3. c4 g6 $146 ({RR} 3... dxc4 4. Qa4+ Nc6 5. Qxc4 Bg4 6. Nbd2 e6 7. a3 Be7 8. h3 Bxf3 9. Nxf3 O-O 10. b4 Nd7 11. Rb1 Bf6 12. Qc2 Nde5 13. Nxe5 Nxe5 14. e3 Ng6 15. Be2 Qd6 16. O-O Rfd8 17. d4 e5 18. dxe5 {Van den Berg,A (2230)-Comp Chess System Tal The Hague 1995 1-0 (63)}) ({RR} 3... e6 4. g3 Be7 5. Bg2 O-O 6. Qc2 Nc6 7. a3 a5 8. Nc3 d4 9. Nb5 e5 10. O-O h6 11. e3 dxe3 12. Bxe3 Bf5 13. Rad1 Qc8 14. Rfe1 Rd8 15. Qc3 e4 16. dxe4 Rxd1 17. Rxd1 Nxe4 18. Qc1 {Narayanan,S (2668)-Svane,F (2638) chess.com INT 2024 1-0 (52)}) ({RR} 3... c6 4. Qc2 Bf5 5. Nh4 Bg6 6. Nxg6 hxg6 7. g3 e6 8. Bg2 Nbd7 9. Nc3 Be7 10. O-O O-O 11. b3 Rc8 12. Bb2 Qc7 13. Kh1 Rfd8 14. Rae1 a6 15. e4 dxe4 16. dxe4 e5 17. Bh3 Rb8 18. f4 {Kozak,A (2434)-Sieciechowicz,M (2403) Katowice POL 2024 ½-½ (51)}) ({RR} 3... dxc4 4. Qa4+ Nc6 5. Qxc4 e5 6. a3 a6 7. e3 Be6 8. Qc2 Be7 9. Nbd2 O-O 10. b3 Nd5 11. Bb2 f6 12. Be2 Qd7 13. O-O Rfd8 14. Kh1 Rac8 15. Rg1 Kh8 16. h3 Bd6 17. g4 Nce7 18. Ne4 {Indjic,A (2607)-Alavi Moghaddam,S (2445) Europe Echecs INT 2021 1-0 (44)}) ({RR} 3... c6 4. cxd5 cxd5 5. g3 g6 6. Bg2 Bg7 7. O-O O-O 8. Nc3 Nc6 9. Bf4 Nh5 10. Bg5 Qa5 11. Qd2 d4 12. Ne4 Qxd2 13. Bxd2 b6 14. Neg5 h6 15. Nh3 Bd7 16. Rac1 Rac8 17. b4 a6 18. a4 {Lopez Heras,A (1948)-Hernandez Gutierrez,J (1835) Madrid 2014 ½-½ (43)}) 4. cxd5 Nxd5 5. e4 Nb6 6. Be3 Bg7 7. Qc2 Nc6 8. Nbd2 O-O 9. Be2 Bg4 10. O-O Rc8 11. Rfc1 Bxf3 12. Nxf3 Nd4 13. Bxd4 Bxd4 14. Nxd4 Qxd4 15. a4 c5 16. a5 Nd7 17. Ra4 Qd6 18. Rc4 Rcd8 19. b4 b6 20. bxc5 Nxc5 21. d4 Ne6 22. d5 Nc5 23. axb6 axb6 24. Qc3 e6 25. Bf3 exd5 26. exd5 Rfe8 27. h4 h5 28. Rb1 Ra8 29. g3 Rad8 30. Kg2 Re7 31. Rcb4 Rb8 32. Rf4 Re5 33. Ra1 Rbe8 34. Ra7 R8e7 35. Ra8+ Kg7 36. Rc8 Rc7 37. Rd8 Qxd8 38. Qxe5+ Kg8 39. d6 Rd7 40. Bd5 Nd3 41. Rxf7 Rxf7 42. Qe6 1-0

[Event "Delft Prinsenstad op 9th"]
[Site "Delft"]
[Date "2016.03.27"]
[Round "5"]
[White "Reinderman, Dimitri"]
[Black "Haslinger, Stewart"]
[Result "1-0"]
[WhiteElo "2599"]
[BlackElo "2513"]
[PlyCount "65"]
[EventDate "2016.03.25"]
[EventType "swiss"]
[EventRounds "6"]
[EventCountry "NED"]
[SourceTitle "CBM 171 Extra"]
[Source "ChessBase"]
[SourceDate "2016.04.26"]
[SourceVersion "1"]
[SourceVersionDate "2016.04.26"]
[SourceQuality "1"]

1. Nf3 d5 2. c4 d4 3. g3 Nc6 4. Bg2 e5 5. O-O a5 6. d3 Nf6 7. e3 Be7 8. exd4 exd4 9. Na3 O-O 10. Nb5 Bf5 11. Bf4 Ne8 ({RR} 11... Rc8 12. Re1 h6 13. Nfxd4 Nxd4 14. Nxd4 Bg4 15. Nf3 Bb4 16. Re2 c6 17. h3 Bf5 18. d4 Re8 19. a3 Rxe2 20. Qxe2 Bd6 21. Bxd6 Qxd6 22. Qe5 Qxe5 23. dxe5 Nd7 24. b4 Re8 25. Re1 axb4 26. axb4 {Sokolovsky,Y (2545)-Nepomniachtchi,I (2753) chess.com INT 2025 ½-½ (106)}) 12. Re1 g5 13. Be5 $146 ({RR} 13. Rxe7 Qxe7 14. Bxg5 Qd7 15. Qd2 f6 16. Bh6 Ng7 17. Qf4 Bxd3 18. Nxc7 Rac8 19. Nd5 Qf5 20. Qd2 Bxc4 21. Nxd4 Qe5 22. Nxc6 bxc6 23. Nb6 Be6 24. Nxc8 Rxc8 25. Re1 Qf5 26. h3 Bxa2 27. Bxg7 {1-0 (27) Norwood,D (2515)-Vigus,J (2260) England 1998}) 13... Bc5 14. h3 f6 15. g4 Nxe5 16. Nxe5 fxe5 17. gxf5 c6 18. Rxe5 Ng7 19. Rxc5 Qe7 20. f6 Qxf6 21. Nc7 Rac8 22. Nd5 Qxf2+ 23. Kh1 cxd5 24. Rxc8 Rxc8 25. Qg4 Re8 26. Bxd5+ Kh8 27. Qxg5 Re3 28. Bg2 Ne6 29. Qd5 Qh4 30. Qf5 Qf4 31. Qh5 Ng5 32. Rf1 Qe5 33. Qh6 1-0

[Event "chess.com gf blitz 5m+2spm"]
[Site "Chess.com INT"]
[Date "2016.06.23"]
[Round "6"]
[White "Petrosian, Tigran L"]
[Black "Carlsen, Magnus"]
[Result "1-0"]
[WhiteElo "2611"]
[BlackElo "2851"]
[PlyCount "125"]
[EventDate "2016.04.06"]
[EventType "match (blitz)"]
[EventRounds "26"]
[EventCountry "USA"]
[SourceTitle "EXT 2017"]
[Source "ChessBase"]
[SourceDate "2016.10.25"]
[SourceVersion "1"]
[SourceVersionDate "2016.10.25"]
[SourceQuality "1"]

1. Nf3 d5 2. g3 c6 3. Bg2 Bf5 4. d3 Nd7 5. Nh4 Bg4 6. O-O e6 7. h3 Bh5 8. Qe1 Be7 9. Nf3 Ngf6 ({RR} 9... h6 10. e4 dxe4 11. Qxe4 Ngf6 12. Qe2 O-O 13. b3 Re8 14. Bb2 a5 15. a3 Qb6 16. Nbd2 a4 17. b4 Bf8 18. g4 Bg6 19. Nc4 Qc7 20. Nfe5 Nd5 21. f4 Bh7 22. Nxd7 Qxd7 23. Qf2 Rad8 24. Kh1 {Gutierrez Olivares,D (2354)-Bobkov,V (2253) chess.com INT 2024 1-0 (38)}) 10. e4 O-O 11. Nbd2 a5 12. e5 $146 ({RR} 12. a4 Nc5 13. b3 dxe4 14. dxe4 Bxf3 15. Bxf3 Qd4 16. Rb1 Qc3 17. Bd1 Rad8 18. e5 Nfe4 19. Nxe4 Qxe1 20. Rxe1 Nxe4 21. Bb2 Nd2 22. Rc1 Rd5 23. Be2 Rfd8 24. Red1 g6 25. Kg2 Bc5 26. Bc3 Ba3 {Petrosian,T (2611)-Carlsen,M (2851) Chess.com INT 2016 0-1 (39)}) 12... Ne8 13. a4 Nc7 14. b3 c5 15. Bb2 Nb8 16. Nh2 Nc6 17. f4 f5 18. exf6 Bxf6 19. Bxf6 Qxf6 20. Ndf3 Rae8 21. Ne5 Na6 22. g4 Bg6 23. g5 Qd8 24. Nxg6 hxg6 25. Ng4 Nab4 26. Rf2 Nd4 27. Qd1 Qd6 28. c3 Rxf4 29. Rxf4 Qxf4 30. cxb4 axb4 31. Ra2 Qxg5 32. Rf2 Rf8 33. Rxf8+ Kxf8 34. Kh1 Ke7 35. a5 Qf4 36. Qe1 g5 37. Bxd5 Qc7 38. Qe3 Kf8 39. Bg2 Qxa5 40. Qxg5 Qc7 41. Ne5 Nxb3 42. Qf4+ Kg8 43. Be4 Nd4 44. Bg6 Nf5 45. Bf7+ Kh7 46. Bxe6 Nh6 47. Bd5 Qd6 48. Qe4+ g6 49. Bc4 Nf5 50. Qxb7+ Ng7 51. Ng4 Qf4 52. Qg2 Nf5 53. Nf6+ Kh6 54. Ne4 Ne3 55. Qf2 Qxf2 56. Nxf2 Nxc4 57. dxc4 b3 58. Nd3 Kg5 59. Kg2 Kh4 60. Kh2 g5 61. Kg2 g4 62. hxg4 Kxg4 63. Kf2 1-0

[Event "chess.com qf blitz 1m+1spm"]
[Site "Chess.com INT"]
[Date "2016.05.04"]
[Round "18"]
[White "Harikrishna, Pentala"]
[Black "Nakamura, Hikaru"]
[Result "1-0"]
[WhiteElo "2763"]
[BlackElo "2787"]
[PlyCount "125"]
[EventDate "2016.04.06"]
[EventType "match (blitz)"]
[EventRounds "26"]
[EventCountry "USA"]
[SourceTitle "EXT 2017"]
[Source "ChessBase"]
[SourceDate "2016.10.25"]
[SourceVersion "1"]
[SourceVersionDate "2016.10.25"]
[SourceQuality "1"]

1. Nf3 g6 2. g3 Bg7 3. Bg2 d6 4. O-O Bd7 5. d4 ({RR} 5. c4 Qc8 6. Nc3 Nc6 7. d4 Bh3 8. Qa4 Bd7 9. d5 Ne5 10. Qb3 h5 11. h4 Ng4 12. c5 dxc5 13. Bf4 N8f6 14. Nb5 Nxd5 15. Ng5 e6 16. Bxd5 Bxb5 17. Bxe6 fxe6 18. Qxb5+ c6 19. Qxc5 e5 {Carlsen,M (2832)-Nakamura,H (2786) Chess.com INT 2018 1-0}) 5... Qc8 6. e4 ({RR} 6. c4 Bh3 7. Nc3 Nc6 8. d5 Ne5 9. Nxe5 Bxe5 10. Be3 h5 11. f3 Nh6 12. Bd4 Bxg2 13. Kxg2 Nf5 14. Qa4+ c6 15. Bxe5 dxe5 16. Nd1 O-O 17. Qb3 Rd8 18. e4 Nd4 19. Qd3 b5 20. b3 e6 {Arabidze,M (2441)-Nakamura,H (2736) Chess.com INT 2021 0-1}) 6... Nc6 7. d5 $146 ({RR} 7. c3 Bh3 8. Bf4 h5 9. Bxh3 Qxh3 10. Ng5 Qc8 11. h4 Nf6 12. Nd2 O-O 13. Re1 e6 14. a4 Qd7 15. a5 a6 16. Qb3 Rab8 17. Qa4 e5 18. dxe5 dxe5 19. Be3 Ng4 20. Rad1 Nxe3 21. Rxe3 Rfd8 {Shuvalova,P (2500)-Moroni,L (2545) chess.com INT 2025 0-1 (57)}) ({RR} 7. Nc3 Bh3 8. Be3 h5 9. Bxh3 Qxh3 10. Ng5 Qd7 11. h4 Nf6 12. f3 O-O 13. Kg2 e6 14. Qd2 Nh7 15. Nxh7 Kxh7 16. Rad1 Ne7 17. Bg5 b5 18. Rh1 b4 19. Ne2 a5 20. Qd3 f5 21. exf5 exf5 {Sviridov,V (2562)-Moroni,L (2575) Chess.com INT 2021 1-0 (38)}) 7... Ne5 8. Nxe5 Bxe5 9. Nd2 Bh3 10. Nc4 h5 11. f4 Bg7 12. f5 Bxg2 13. Kxg2 Nf6 14. fxg6 fxg6 15. e5 dxe5 16. Nxe5 O-O 17. Nxg6 Rf7 18. Bg5 Qg4 19. Qxg4 Nxg4 20. c3 Bf6 21. Bxf6 Ne3+ 22. Kh3 Nxf1 23. Nxe7+ Kh7 24. Rxf1 Raf8 25. d6 cxd6 26. Nd5 Rc8 27. Rf4 Rc5 28. c4 b5 29. b3 bxc4 30. bxc4 Kg6 31. Ne7+ Kh7 32. Nd5 Kg6 33. Kh4 Ra5 34. g4 hxg4 35. Rxg4+ Kf5 36. Rg5+ Ke6 37. Nf4+ Kxf6 38. Rxa5 Rh7+ 39. Rh5 Rg7 40. Rh6+ Kf5 41. Nd5 Ke5 42. Rh5+ Kd4 43. Nf4 Kxc4 44. Rg5 Rh7+ 45. Kg3 a5 46. h4 a4 47. h5 Kb4 48. Kh4 Ka3 49. Rg2 Rf7 50. Ng6 d5 51. h6 d4 52. Kg5 d3 53. Ne5 Rf8 54. Kh4 Re8 55. Ng4 Re2 56. Rg3 Kxa2 57. Rxd3 Re7 58. Nf6 Rf7 59. h7 Rf8 60. Ng8 Rf4+ 61. Kg5 Rd4 62. Rxd4 a3 63. Ra4 1-0

[Event "chess.com qf blitz 3m+2spm"]
[Site "Chess.com INT"]
[Date "2016.06.23"]
[Round "10"]
[White "Petrosian, Tigran L"]
[Black "Carlsen, Magnus"]
[Result "1-0"]
[WhiteElo "2611"]
[BlackElo "2851"]
[PlyCount "73"]
[EventDate "2016.04.06"]
[EventType "match (blitz)"]
[EventRounds "26"]
[EventCountry "USA"]
[SourceTitle "EXT 2017"]
[Source "ChessBase"]
[SourceDate "2016.10.25"]
[SourceVersion "1"]
[SourceVersionDate "2016.10.25"]
[SourceQuality "1"]

1. Nf3 d5 2. c4 d4 3. g3 Nc6 4. Bg2 e5 5. O-O Nf6 6. d3 Bd6 7. e3 O-O 8. exd4 exd4 9. Bg5 h6 10. Bxf6 Qxf6 11. Nbd2 Bf5 12. Qb3 Rab8 $146 ({RR} 12... Nb4 13. Ne1 a5 14. Ne4 Bxe4 15. Bxe4 a4 16. Qd1 a3 17. bxa3 Rxa3 18. Nc2 Nxc2 19. Qxc2 b6 20. f4 Re8 21. Rae1 Re7 22. Qg2 Ra5 23. Re2 Re6 24. h4 h5 25. Qf3 Re7 26. f5 Qh6 27. Kg2 {Deac,B (2402)-Melkumyan,H (2673) Jerusalem 2015 ½-½ (74)}) 13. Nh4 Bh7 14. Ne4 Qd8 15. c5 Be7 16. Nf3 Bxe4 17. dxe4 Bxc5 18. e5 Re8 19. Rfe1 Qd7 20. Rad1 Bb6 21. Re4 Rbd8 22. a3 d3 23. e6 fxe6 24. Bh3 Kh8 25. Bxe6 Qd6 26. Bf5 Rxe4 27. Bxe4 Nd4 28. Qf7 Rf8 29. Ne5 Rd8 30. Ng6+ Kh7 31. Nf8+ Kh8 32. Ng6+ Kh7 33. Rxd3 Qf6 34. Nf8+ Kh8 35. Ng6+ Kh7 36. Ne5+ Kh8 37. Qxf6 1-0